000 00450nam a2200145 a 4500
005 20140412111303.0
008 001116s19uu xx 00 eng d
050 _aER
_bOl1 1994
100 _aSpugeon, Maureen
245 _aOld Macdonald's farm /
_cwritten by Maureen Spurgeon ; illustrated by Aikadia.
260 _aStafford Staffen, UK :
_bGolden Acron Pub,
_c1994.
300 _a1 v. (unp.) ; col. ; ill.
650 _aFolktales
999 _c103516
_d103516